Văn xuôi Quảng Bình (1989 - 1998)
v.v..
Đã lưu trong:
| Tác giả chính: | |
|---|---|
| Định dạng: | Sách |
| Năm xuất bản: |
Quảng Bình
Hội văn học nghệ thuật
1998
|
| Chủ đề: | |
| Tags: |
Thêm thẻ
Không có thẻ, Hãy là người đầu tiên gắn thẻ bản ghi này!
|
| LEADER | 02236nam a2200265 4500 | ||
|---|---|---|---|
| 082 | |a 895.922334 |b V114x | ||
| 100 | |a Hữu Phương tuyển chọn | ||
| 245 | |a Văn xuôi Quảng Bình (1989 - 1998) |c Đoàn Hồ Lệ Anh, Hoàng Văn Bàng, Kim Cương,..; Hữu Phương tuyển chọn | ||
| 260 | |a Quảng Bình |b Hội văn học nghệ thuật |c 1998 | ||
| 300 | |a 309 tr. |c 21 cm. | ||
| 520 | |a v.v.. | ||
| 653 | |a Văn học hiện đại | ||
| 653 | |a Việt Nam | ||
| 653 | |a Truyện ngắn | ||
| 942 | |2 ddc |c STK0 | ||
| 999 | |c 4728 |d 4728 | ||
| 952 | |0 0 |1 0 |2 ddc |4 0 |6 895_922334000000000_V114X |7 0 |8 800 |9 44729 |a qbu |b qbu |c D5 |d 2014-12-20 |g 50000 |o 895.922334 V114x |p 796.c1 |r 0000-00-00 |w 2014-12-20 |y STK0 |0 0 |6 895_922334000000000_V114X | ||
| 952 | |0 0 |1 0 |2 ddc |4 0 |6 895_922334000000000_V114X |7 0 |8 800 |9 44730 |a qbu |b qbu |c D5 |d 2014-12-20 |g 50000 |o 895.922334 V114x |p 796.c2 |r 0000-00-00 |w 2014-12-20 |y STK0 |0 0 |6 895_922334000000000_V114X | ||
| 952 | |0 0 |1 0 |2 ddc |4 0 |6 895_922334000000000_V114X |7 0 |8 800 |9 44731 |a qbu |b qbu |c D5 |d 2014-12-20 |g 50000 |o 895.922334 V114x |p 796.c3 |r 0000-00-00 |w 2014-12-20 |y STK0 |0 0 |6 895_922334000000000_V114X | ||
| 952 | |0 0 |1 0 |2 ddc |4 0 |6 895_922334000000000_V114X |7 0 |8 800 |9 44732 |a qbu |b qbu |c D5 |d 2014-12-20 |g 50000 |o 895.922334 V114x |p 796.c4 |r 0000-00-00 |w 2014-12-20 |y STK0 |0 0 |6 895_922334000000000_V114X | ||
| 952 | |0 0 |1 0 |2 ddc |4 0 |6 895_922334000000000_V114X |7 0 |8 800 |9 44733 |a qbu |b qbu |c D5 |d 2014-12-20 |g 50000 |o 895.922334 V114x |p 796.c5 |r 0000-00-00 |w 2014-12-20 |y STK0 |0 0 |6 895_922334000000000_V114X | ||
| 952 | |0 0 |1 0 |2 ddc |4 0 |6 895_922334000000000_V114X |7 0 |8 800 |9 44734 |a qbu |b qbu |c D5 |d 2014-12-20 |g 50000 |o 895.922334 V114x |p 796.c6 |r 0000-00-00 |w 2014-12-20 |y STK0 |0 0 |6 895_922334000000000_V114X | ||
| 952 | |0 0 |1 0 |2 ddc |4 0 |6 895_922334000000000_V114X |7 0 |8 800 |9 44735 |a qbu |b qbu |c D5 |d 2014-12-20 |g 50000 |o 895.922334 V114x |p 796.c7 |r 0000-00-00 |w 2014-12-20 |y STK0 |0 0 |6 895_922334000000000_V114X | ||
| 952 | |0 0 |1 0 |2 ddc |4 0 |6 895_922334000000000_V114X |7 0 |8 800 |9 44736 |a qbu |b qbu |c D5 |d 2014-12-20 |g 50000 |o 895.922334 V114x |p 796.c8 |r 0000-00-00 |w 2014-12-20 |y STK0 |0 0 |6 895_922334000000000_V114X | ||
| 952 | |0 0 |1 0 |2 ddc |4 0 |6 895_922334000000000_V114X |7 0 |8 800 |9 44737 |a qbu |b qbu |c D5 |d 2014-12-20 |g 50000 |o 895.922334 V114x |p 796.c9 |r 0000-00-00 |w 2014-12-20 |y STK0 |0 0 |6 895_922334000000000_V114X | ||